书目信息 |
| 题名: |
工程项目管理
|
|
| 作者: | 赵铁生 编著 | |
| 分册: | ||
| 出版信息: | 天津 天津大学出版社 1992.10 |
|
| 页数: | 264页 | |
| 开本: | 20cm | |
| 丛书名: | ||
| 单 册: | ||
| 中图分类: | F282 | |
| 科图分类: | ||
| 主题词: | 基本建设项目-项目管理--经验 , 项目管理-基本建设项目--经验 | |
| 电子资源: | ||
| ISBN: | 7-5618-0381-8 | |
| 000 | 00824nam0 2200253 45 | |
| 001 | 0193024990 | |
| 005 | 20060810110404.76 | |
| 010 | @a7-5618-0381-8@dCNY4.70 | |
| 092 | @a科技278-350 | |
| 100 | @a19800101e1992 em y0chiy0121 ea | |
| 101 | 0 | @achi |
| 102 | @aCN@b120000 | |
| 105 | @ay z 000yy | |
| 200 | 10 | @a工程项目管理@AGONG CHENG XIANG MU GUAN LI@f赵铁生编著@FZHAO TIE SHENG BIAN ZHU |
| 210 | @a天津@c天津大学出版社@d1992.10@h1992.12重印 | |
| 215 | @a264页@d20cm | |
| 330 | @a本书主要内容有项目与项目经理、项目管理组织、项目计划、项目管理信息系统等。 | |
| 540 | 1 | @a项目 管理@AXIANG MU GUAN LI |
| 606 | @a基本建设项目-项目管理@x经验 | |
| 606 | @a项目管理-基本建设项目@x经验 | |
| 690 | @aF282@v三版 | |
| 701 | 0 | @a赵铁生@AZHAO TIE SHENG@4编著 |
| 801 | 0 | @aCN@bTSSF@c20060810 |
| 905 | @a10447@dF282@e269 | |
| 工程项目管理/赵铁生编著.-天津:天津大学出版社,1992.10(1992.12重印) |
| 264页;20cm |
| ISBN 7-5618-0381-8:CNY4.70 |
| 本书主要内容有项目与项目经理、项目管理组织、项目计划、项目管理信息系统等。 |
| ● |
| 相关链接 |
|
|
|
|
正题名:工程项目管理
索取号:F282/269
 
预约/预借
| 序号 | 登录号 | 条形码 | 馆藏地/架位号 | 状态 | 备注 |
| 1 | 0448400 | 204484003 | 密集书库/ [索取号:F282/269] | 在馆 |